I ciclo de palestras em comemoração ao dia do fiscal de tributos estaduais : (Record no. 1462)

MARC details
000 -LÍDER
Campo Fixo de Controle 00901nam a2200229 a 4500
001 - NÚMERO DE CONTROLE
Campo de Controle 1462
003 - IDENTIFICAÇÃO DO NÚMERO DE CONTROLE
Campo de Controle BR-CuiBMT
005 - DATA E HORA DA ÚLTIMA ATUALIZAÇÃO
Campo de Controle 20231213140046.0
008 - DADOS FIXOS
Dados Fixos 231211s2013 mtba 100 0 por d
040 ## - AGÊNCIA CATALOGADORA
Código da Agência Catalogadora BR-CuiBMT
Agência que transcreveu o registro BR-CuiBMT
080 ## - Nº DA CLASSIFICAÇÃO DECIMAL UNIVERSAL
Nº Class. CDU 336.225.2:352
Nº edição CDU 2007
090 ## - NÚMERO DE CHAMADA
Nº classificação 336.225.2:352
Cutter C568
111 2# - ENTRADA PRINCIPAL -- EVENTO
Nome do evento ou lugar Ciclo de palestras em comemoração ao dia do fiscal de tributos estaduais
Número da parte/seção do evento (1. :
Data da realização do evento 2013 :
Local de realização do evento Cuiabá, MT)
245 00 - TÍTULO PRINCIPAL
Título principal I ciclo de palestras em comemoração ao dia do fiscal de tributos estaduais :
Subtítulo 18, 19 e 20 de setembro de 2013 /
Indicação de responsabilidade Sindicato dos fiscais de tributos estaduais de Mato Grosso.
260 ## - PUBLICAÇÃO, DISTRIBUIÇÃO, ETC.
Local de publicação Cuiabá :
Editora Sindifisco,
Data 2013.
300 ## - DESCRIÇÃO FÍSICA
N. páginas ou volumes 181 p. :
Ilustrações il. ;
Dimensões 21 cm
504 ## - NOTA DE BIBLIOGRAFIA, ETC.
Nota de bibliografia Inclui bibliografia.
650 ## - ASSUNTO TÓPICO
Cabeçalho tópico ou nome geográfico Administração fiscal
Subdivisão geográfica Mato grosso
650 ## - ASSUNTO TÓPICO
Cabeçalho tópico ou nome geográfico Código tributário
Subdivisão geográfica Mato Grosso
650 ## - ASSUNTO TÓPICO
Cabeçalho tópico ou nome geográfico Lei de responsabilidade fiscal
Subdivisão geográfica Mato grosso
942 ## - ELEMENTOS DE ENTRADA ADICIONAIS (KOHA)
Fonte de classificação ou esquema de arquivamento Classificação Decimal Universal
Tipo de item do Koha Livros
Holdings
Estado: removido Estado: perdido Fonte de classificação ou esquema de arquivamento Estado: danificado Indisponível para empréstimo Localização permanente Localização atual Data de aquisição Total Checkouts Número de Chamada completo Código de barras Date last seen Número do exemplar Preço efetivo a partir de Tipo de item (Koha)
    Classificação Decimal Universal     Biblioteca da Escola Superior de Contas do TCE/MT Biblioteca da Escola Superior de Contas do TCE/MT 11/12/2023   336.225.2:352 C568 BIBTCEMT23120357 11/12/2023 Ex. 1 11/12/2023 Livros

Powered by Koha